Quizzes
Events
Quiz Creation
Community
Videos
Private Events
Remove Ads
Sign In
Join for FREE
Feedback
Dark Mode
Quiz Categories
Sports
Geography
Music
Movies
Television
Just For Fun
Miscellaneous
History
Literature
Language
Science
Gaming
Entertainment
Religion
Holiday
For Kids
Quiz Lab
Recent
Popular Today
Quiz Kudos Today
Editor Picks
Curator Picks
Quizzes by...
Day
Popularity
Type
Ratings
Length
Year
Community
Subscriptions
Recent Discussions
Orange Saloon
Badges
Playlists
Quests
Create
Leaderboards
Showdown
Live 5
Trivia Bingo
Activity
Puzzle Library
Sporcle Events
Private Events
Virtual Trivia
Globe League
Become a Host
Pub Owners
SporcleCon
Opinionation
Our Games
Videos
Blog
Mobile Apps
Partnerships
Remove Ads and Go Orange
Feedback
Music
Pop Music
The Beatles
Song
Album
Lyrics
Bands
Singers
Artist
Clip
Rock
Rap
Classical
Billboard
Country Music
Kpop
Taylor Swift
Music
Pop Music
The Beatles
Song
Album
Lyrics
Bands
Singers
Artist
Clip
Rock
Rap
Classical
Billboard
Country Music
Kpop
Taylor Swift
Random Quiz
Search Sporcle
×
Quiz Lab
Quiz Lab
Music
Artist
Type in answers that appear in a list
Type in answers that appear in a list
Classic
Best Score? Go Orange.
Name the artists of these Fifa Soundtracks Stats
Can you name the artists of these Fifa Soundtracks
By
Mkkl
6m
40 Questions
196 Plays
196 Plays
196 Plays
Comments
Comments
Give Quiz Kudos
Give Quiz Kudos
-
- Ratings
hide this ad
Replay
Link that replays current quiz
Next Quiz
Link to next quiz in quiz playlist
You Got
0%
They Got
Avg Score
25%
Avg Friend Score
Upgrade to see
Score Distribution
Jump to the score distribution portion of the page
Score
0/40
Timer
06:00
0
Plays Today
Hint
Answer
% Correct
Song 2
Blur
91.8%
Kids
MGMT
73%
Rockafeller Skank
Fatboy Slim
59.2%
Supermassive Black Hole
Muse
58.7%
Helicopter
Bloc Party
57.1%
Jerk It Out
Caesars
55.1%
Lyla
Oasis
42.3%
Young Folks
Peter Bjorn and John
37.8%
Fools Gold
Stone Roses
36.7%
Complicated
Avril Lavigne
34.7%
Nothing In My Way
Keane
33.2%
Black And White Town
Doves
32.1%
Tighten Up
Black Keys
31.1%
Tubthumping
Chumbawamba
28.1%
Red Morning Light
Kings Of Leon
28.1%
Tell Her Tonight
Franz Ferdinand
25%
Sewn
The Feeling
22.4%
Bodyrock
Moby
22.4%
Myxomatosis
Radiohead
20.9%
The End Where I Begin
The Script
19.9%
Hint
Answer
% Correct
We Used To Be Friends
Dandy Warhols
19.4%
Sun In My Pocket
Locnville
17.3%
Dy-
Na-
Mi-
Tee
Ms. Dynamite
17.3%
You Gotta Reason
Hard-Fi
14.3%
Stop The Rock
Apollo 440
13.8%
Rhythm Bandits
Junior Senior
13.3%
Feels Just Like It Should
Jamiroquai
13.3%
Hide U
Kosheen
10.2%
Pride
Kosheen
10.2%
Ja Sei Namorar
Tribalistas
9.2%
You Held The World In Your Arms
Idlewild
8.2%
New York Minute
Mobile
7.7%
That Great Love Sound
The Raveonettes
7.1%
To Get Down
Timo Maas
6.6%
Always
Suburbia
6.6%
Can You Touch Me
The Film
5.1%
In My Mind
Antiloop
5.1%
Cobrastyle
Teddybears STHLM
4.6%
Rock
AK4711
3.1%
Musica Grande
DJ Sensei
3.1%
Quiz Playlist
Details
Report
Send in Message
Add To Playlist
Classic:
Type in answers that appear in a list
Last Updated: Feb 16, 2017
Quiz Scoreboard
CHALLENGE
Sign Up to Join the Scoreboard
Show All
Scores
Hide
Comments
May contain spoilers
Recently Published
An Introduction to Baseball
by treessimontrees
Sports
5m
Movies - When Are They Set?
by FPL_Elf
Movies
5m
Popular People in 1961
by mucciniale
History
6m
More to Explore
Quiz From the Vault
Featured Blog Post
Where Did the Easter Bunny Come From?
hide this ad
You Might Also Like...
Tags
Artist Quiz
FIFA
soundtrack
Today's Top Quizzes in Music
Browse Music
hide this ad
Today's Top Quizzes in Artist
Browse Artist
Top Contributed Quizzes in Music
1
Taylor Swift All Songs (2024)
2
Guess the Artist- 70s Songs
3
One Thing in Common: Music
4
KPOP LOGIC QUIZ
5
2010s Album by Cover III
6
Taylor Swift Logic Puzzle
7
Guess the Taylor Swift song (Mystery Song)
8
7-to-1: Billboard Hot 100 #1 Hits of 2010s
9
2010s Album by Cover IV
10
2010s Album by Cover V
Explore More
Trending Topics
NBA
Disney
Crossword
Marvel
Harry Potter
Kpop
Anime
WWE
Song
Pokémon
Country
The Office
NFL
Soccer
Puzzle
hide this ad
More By:
Mkkl
Quiz
Plays
Rating
Category
Featured
Created
Name the artists of these Fifa Soundtracks
196
3.00
Music
Sep 24, 2013
European borders from longest to shortest per country
109
5.00
Geography
Feb 21, 2015
Top 10 fastest goalscorers in the Champions League
48
4.50
Sports
Oct 11, 2013
Go to Creator's Profile
Score Distribution
Quiz Creator Spotlight
Mkkl
Follow
Send a Message
Quizzes Created
-
Created Quiz Play Count
-
More By This Creator
Popular Quizzes Today
1
Find the Countries of Europe - No Outlines Minefield
2
Find the US States - No Outlines Minefield
3
The Countries of the World
4
Popular People in 1961
5
Find the US States
6
US States
7
1-10 Letter E Words III
8
Risky Map Clicking: Biggest States A-Z
More Music Quizzes
3 Liszt pieces
Quiz Lab
Trending Quizzes
Risky Map Clicking: Least Populous States A-Z
1-10 Letter F Words
1-10 Letter G Words
Not Quite an Element Typing Challenge
One Thing in Common: United Kingdom
Recently Updated
Leaping Animals
pecheneg
Reality TV Shows (A-Z)
bhenderson79
Rickey Henderson's Hall of Fame Teammates
pecheneg
Champions League XIs: Arsenal
pecheneg
Quick Pick: Celebrities in WWE's Hall of Fame
aduchscher
A-Z Keypad Blitz II
pecheneg
Multiple Oscar Actors
pecheneg
Mystery Phrase Blitz: Oscar 'Best Actors'
pecheneg
F. Scott Fitzgerald Novels
LTH
Pick 3 Villains
ddd62291
Trending Topics
Anime
Crossword
Disney
Kpop
Marvel
NBA
Harry Potter
Country
Song
Pokémon
Soccer
NFL
Puzzle
WWE
The Office
Your Account Isn't Verified!
In order to create a playlist on Sporcle, you need to verify the email address you used during registration. Go to your
Sporcle Settings
to finish the process.
Report this User
Report this user for behavior that violates our
Community Guidelines
.
Details:
Send Report
Go to the Sporcle.com Mobile Site →
Comments